000 00410nam a2200157Ia 4500
003 GCL
008 140319s9999 xx 000 0 eng d
040 _aGCL /
_cGCL
082 0 4 _a005.62
_bS N
100 1 _aSINCLAIR, JAN
245 1 0 _aTHE 25 NETWORK HANDBOOK /
_cSINCLAIR, JAN
260 _a[S.N] :
_bSIGMA PRESS - WILMSLOW ،
_c1993
300 _a117 PP
650 0 4 _aCOMPUTER - NETWORKS
942 _2ddc
_cBK
999 _c17081
_d17081